Países por Imágenes Parciales de Banderas #5 - Estadísticas

Estadísticas generales
  • Esta prueba ha sido intentada 40 veces
  • La puntuación promedio es 13 de 16
Estadísticas de respuestas
Imagen Respuesta % Correcto
Panamá
97%
Chile
94%
Alemania
92%
Finlandia
92%
Angola
89%
Bosnia y Herzegovina
89%
Irán
89%
San Marino
86%
Etiopía
81%
Mongolia
81%
Paraguay
78%
Cabo Verde
72%
Nepal
69%
Siria
69%
Guatemala
64%
Noruega
64%
No se encontraron pruebas coincidentes
Distribución de puntuación
Porcentaje de gente con cada puntuación
Porcentaje por número respondido
Historial de tus puntuaciones
No has intentado esta prueba.